000 00838nam a22002417a 4500
003 0
005 20160609165258.0
008 100113t xxu||||| |||| 00| 0 eng d
037 _aM15460
_bBIBLIO
040 _aBUAC
_bF
_cBEPAC
082 _a27.ABM/ADJ
100 _aAdjatan Alokpe , Sandra D. O.
_cJohanne N. N. DAKPOGAN
_92826
130 _lfr
_911539
245 _aValeurs normales des paramètres biologiques et influence du chlorure de cadmium chez le lapin mâle (Oryctolagus Cuniculus) élevé en cage au Bénin
260 _aEPAC-UAC
_bEPAC-UAC
_c2007-2008
300 _aI-93p
_c29cm
500 _aMEM ECOLE POLYTECHNIQUE D'ABOMEY CALAVI (UAC) 2008
650 _aCHLORURE CADMIUM LAPIN
_92827
650 _aLAPIN
_92827
700 _aZinsou , Jacques M. H.
_92828
700 _aDakpogan , Johanne N. N.
_92828
942 _cTHE
999 _c46727
_d46727